El libro de la joven o sea preparación moral de la joven para la vida

Gardado en:
Detalles Bibliográficos
Autor Principal: Gentilini, Bernardo (Author)
Formato: Libro
Idioma:Lingua castelá
Publicado: Santiago Apostolado de la Prensa 1920
Edición:2a. ed
Subjects:
Tags: Engadir etiqueta
Sen Etiquetas, Sexa o primeiro en etiquetar este rexistro!

MARC

LEADER 00000nam a2200000 a 4500
001 UCI5861
003 CL-VaPUC
008 080411e19200000CL |||||||||||||||||spa|d
082 0 4 |a 240  |b GEN  |2 21 
100 |a Gentilini, Bernardo  |e author  |9 583942 
245 1 3 |a El libro de la joven o sea preparación moral de la joven para la vida 
250 |a 2a. ed 
300 |a 267 p 
942 |c BK 
945 |d 20080411 00:00:00  |a rbrito 
260 |a Santiago  |b Apostolado de la Prensa  |c 1920 
650 0 |a Juventud  |9 271073 
650 0 |a Conducta de vida   |9 255100 
650 0 |a Ética religiosa   |9 311520 
650 0 |a Moral  |9 265913 
650 0 |a Educación moral  |9 308319 
650 0 |a Educación religiosa   |9 308312 
583 |a last modification  |c 20080411 00:00:00  |k Rodrigo Vera 
999 |c 329515  |d 329513 
952 |0 0  |1 0  |4 0  |6 240_000000000000000_GEN_1920  |7 0  |8 P  |9 414314  |a BIBTEO  |b BIBTES  |c TEO_FTES  |d 2019-11-22  |i 4425685  |o 240 GEN 1920  |p 4425685  |r 2024-01-18  |w 2019-11-22  |y BK  |k ICR